[Event "8th EUR-ch (w)"]
[Site "Dresden GER"]
[Date "2007.04.05"]
[Round "3"]
[White "Guramishvili, Sopiko"]
[Black "Nagel, Verena"]
[Result "1-0"]
[WhiteElo "2267"]
[BlackElo "2079"]
[EventDate "2007.04.03"]
[PlyCount "101"]

1.d4 Nf6 2.c4 e6 3.Nf3 d5 4.cxd5 exd5 5.Bg5 Be7 6.e3 c6 7.Bd3 Ne4 8.Bf4 
Qa5+ 9.Nfd2 Bf5 10.Bxe4 Bxe4 11.Nc3 Bd3 12.Qg4 O-O 13.Be5 g6 14.h4 Bb4 15.
Rc1 Bf5 16.Qf4 Nd7 17.Bc7 b6 18.a3 Bxc3 19.Rxc3 Qb5 20.Rb3 Qa6 21.g4 Be6 
22.h5 Qb7 23.Bd6 Rfe8 24.Nf3 Nf8 25.Qf6 Nd7 26.Qh4 Nf8 27.Ng5 f6 28.Nxe6 
Rxe6 29.Qh2 g5 30.O-O Rae8 31.Bg3 Re4 32.Rc3 Qd7 33.Qg2 h6 34.Rfc1 R4e6 
35.Qf1 b5 36.a4 a6 37.axb5 axb5 38.Ra1 Re4 39.Kg2 f5 40.gxf5 Qxf5 41.Rxc6 
Ne6 42.Ra3 g4 43.Qxb5 Qxh5 44.Rd6 Qh3+ 45.Kg1 Ng5 46.Rg6+ Kh8 47.Rxg5 hxg5
48.Qxd5 Rxe3 49.Be5+ R8xe5 50.Qxe5+ Rxe5 51.Rxh3+ 1-0

[Event "8th EUR-ch (w)"]
[Site "Dresden GER"]
[Date "2007.04.05"]
[Round "3"]
[White "Fuchs, Judith"]
[Black "Kulovana, Eva"]
[Result "1/2-1/2"]
[WhiteElo "2132"]
[BlackElo "2267"]
[EventDate "2007.04.03"]
[PlyCount "49"]

1.e4 c6 2.d4 d5 3.exd5 cxd5 4.c4 Nf6 5.Nc3 Nc6 6.Bg5 e6 7.Nf3 Be7 8.c5 O-O
9.Bb5 Ne4 10.Bxe7 Qxe7 11.O-O Nxc3 12.bxc3 Bd7 13.Bd3 b6 14.cxb6 axb6 15.
Qb1 g6 16.Qxb6 Rfb8 17.Qc7 Ra7 18.Qf4 Qa3 19.Rfb1 Rxb1+ 20.Rxb1 Qxc3 21.
Rb8+ Kg7 22.Ne5 Nxe5 23.dxe5 Qxd3 24.Qf6+ Kh6 25.Qh4+ 1/2-1/2

[Event "8th EUR-ch (w)"]
[Site "Dresden GER"]
[Date "2007.04.05"]
[Round "3"]
[White "Karlovich, Anastazia"]
[Black "Schulz, Stefanie"]
[Result "1-0"]
[WhiteElo "2266"]
[BlackElo "2117"]
[EventDate "2007.04.03"]
[PlyCount "97"]

1.e4 c5 2.Nf3 Nc6 3.Bb5 g6 4.O-O Bg7 5.Re1 e5 6.c3 Nge7 7.d4 exd4 8.cxd4 
cxd4 9.Na3 O-O 10.Bg5 h6 11.Bh4 a6 12.Ba4 b5 13.Bb3 Qb6 14.Nc2 g5 15.Bg3 
Re8 16.h3 Bb7 17.Qd3 a5 18.Rad1 a4 19.Bd5 Nxd5 20.exd5 Ne7 21.Nfxd4 Bxd5 
22.Rxe7 Rxe7 23.Nf5 Re6 24.Qxd5 Rae8 25.Qxd7 Qc6 26.Qxc6 Rxc6 27.Nxg7 Kxg7
28.Nd4 Rb6 29.Bc7 Ra6 30.a3 Kg6 31.g4 Rf6 32.Nf5 h5 33.Kg2 Re2 34.Ba5 Re4 
35.Kg3 h4+ 36.Kg2 Rfe6 37.Bc3 Re8 38.Rd5 Rb8 39.Rd6+ Re6 40.Rd5 Rb7 41.Rd8
f6 42.Rh8 Rbb6 43.Bd4 Rbc6 44.Rb8 Kf7 45.Rb7+ Kf8 46.Rxb5 Ra6 47.Rb8+ Kf7 
48.Rb7+ Kf8 49.Kf3 1-0

[Event "8th EUR-ch (w)"]
[Site "Dresden GER"]
[Date "2007.04.05"]
[Round "3"]
[White "Shmirina, Galina"]
[Black "Medic, Mirjana"]
[Result "0-1"]
[WhiteElo "2115"]
[BlackElo "2265"]
[EventDate "2007.04.03"]
[PlyCount "58"]

1.d4 e6 2.Nf3 f5 3.c4 Nf6 4.g3 d5 5.Bf4 c6 6.Bg2 Be7 7.O-O O-O 8.Nbd2 Ne4 
9.Rc1 Nd7 10.c5 g5 11.Be5 g4 12.Ne1 Nxe5 13.Bxe4 Ng6 14.Bg2 Bf6 15.Nb1 Qe7
16.f4 gxf3 17.Nxf3 e5 18.e3 exd4 19.exd4 Qg7 20.Qd2 Bd7 21.Rce1 Rae8 22.
Nc3 h5 23.Kh1 Kh8 24.Rg1 Rg8 25.Bh3 Rxe1 26.Rxe1 h4 27.gxh4 Nxh4 28.Rg1 
Qxg1+ 29.Nxg1 Rxg1+ 0-1

[Event "8th EUR-ch (w)"]
[Site "Dresden GER"]
[Date "2007.04.05"]
[Round "3"]
[White "Shmirina, Evgenija"]
[Black "Gromova, Yulia"]
[Result "0-1"]
[WhiteElo "2112"]
[BlackElo "2252"]
[EventDate "2007.04.03"]
[PlyCount "100"]

1.e4 c6 2.d4 d5 3.Nc3 dxe4 4.Nxe4 Bf5 5.Ng3 Bg6 6.Nf3 Nd7 7.h4 h6 8.h5 Bh7
9.Bd3 Bxd3 10.Qxd3 Qc7 11.Bd2 Ngf6 12.O-O-O e6 13.Qe2 O-O-O 14.Ne5 Nb6 15.
Ba5 c5 16.Bxb6 axb6 17.dxc5 Bxc5 18.Nd3 Be7 19.Rhe1 Rd5 20.Ne5 Bd6 21.f4 
Rd8 22.Rxd5 Nxd5 23.Qe4 f6 24.Ng6 Bxf4+ 25.Nxf4 Qxf4+ 26.Qxf4 Nxf4 27.b3 
Rd5 28.Re4 Rg5 29.Rxf4 Rxg3 30.Rf2 Rg5 31.a4 Rxh5 32.Kd2 Rd5+ 33.Ke3 Kd7 
34.Rf1 e5 35.Rf3 Ke6 36.Rg3 Rd7 37.Ke2 h5 38.Rc3 g5 39.Rc8 h4 40.Ke3 Kf5 
41.b4 Rh7 42.a5 bxa5 43.b5 g4 44.Kf2 h3 45.gxh3 Rxh3 46.c4 Kf4 47.c5 Rb3 
48.b6 g3+ 49.Ke2 g2 50.Rg8 Rg3 0-1

[Event "8th EUR-ch (w)"]
[Site "Dresden GER"]
[Date "2007.04.05"]
[Round "3"]
[White "Paulet, Iozefina"]
[Black "Sokalska, Viktorija"]
[Result "1-0"]
[WhiteElo "2241"]
[BlackElo "2045"]
[EventDate "2007.04.03"]
[PlyCount "97"]

1.e4 c6 2.d4 d5 3.e5 Bf5 4.Nf3 e6 5.Be2 c5 6.Be3 Nc6 7.dxc5 Nge7 8.c3 Ng6 
9.Bb5 Bg4 10.Bxc6+ bxc6 11.Qa4 Bxf3 12.Qxc6+ Ke7 13.Qd6+ Ke8 14.Qc6+ Ke7 
15.Qd6+ Ke8 16.Qxd8+ Rxd8 17.gxf3 Nxe5 18.Ke2 Nc4 19.b4 Be7 20.Nd2 Na3 21.
Nb3 Bf6 22.Rac1 e5 23.f4 d4 24.fxe5 d3+ 25.Kf3 Bxe5 26.Bd4 f6 27.Rcd1 Bxd4
28.cxd4 Nc4 29.Ke4 f5+ 30.Kxd3 Nb2+ 31.Kc3 Nxd1+ 32.Rxd1 Kf7 33.b5 Rhe8 
34.Rd2 f4 35.a4 g5 36.a5 Rb8 37.b6 axb6 38.axb6 Rec8 39.Kb4 Ke6 40.d5+ Kd7
41.Kb5 h5 42.c6+ Kd6 43.Na5 g4 44.Nc4+ Ke7 45.d6+ Ke6 46.d7 g3 47.hxg3 
fxg3 48.dxc8=Q+ Rxc8 49.fxg3 1-0

[Event "8th EUR-ch (w)"]
[Site "Dresden GER"]
[Date "2007.04.05"]
[Round "3"]
[White "Sautter, Elke"]
[Black "Rybenko, Ksenia"]
[Result "0-1"]
[WhiteElo "2046"]
[BlackElo "2239"]
[EventDate "2007.04.03"]
[PlyCount "68"]

1.e4 c5 2.d3 Nc6 3.g3 g6 4.Bg2 Bg7 5.f4 e6 6.Nf3 d5 7.e5 h5 8.Na3 Nh6 9.
O-O Nf5 10.c3 Bf8 11.Re1 Rb8 12.Be3 Nxe3 13.Rxe3 b5 14.Nc2 Qb6 15.d4 c4 
16.Ng5 b4 17.Ne1 a5 18.Nef3 Bd7 19.Nh4 Be7 20.Qc2 b3 21.axb3 Qxb3 22.Re2 
Qxc2 23.Rxc2 O-O 24.Bf3 Rb3 25.Rf1 Rfb8 26.Rff2 a4 27.h3 a3 28.bxa3 Rxa3 
29.g4 hxg4 30.Bxg4 Rbb3 31.Rf3 Na7 32.Rg3 Nb5 33.Nhf3 Rxc3 34.Rxc3 Rxc3 
0-1

[Event "8th EUR-ch (w)"]
[Site "Dresden GER"]
[Date "2007.04.05"]
[Round "3"]
[White "Daulyte, Deimante"]
[Black "Ziemann, Nadine"]
[Result "1-0"]
[WhiteElo "2224"]
[BlackElo "1989"]
[EventDate "2007.04.03"]
[PlyCount "67"]

1.e4 c5 2.Nf3 d6 3.d4 cxd4 4.Nxd4 Nf6 5.Nc3 a6 6.Be2 e5 7.Nb3 Be7 8.O-O 
O-O 9.Be3 Be6 10.a4 Nbd7 11.f3 Rc8 12.a5 Qc7 13.Qd2 Qc6 14.Rfd1 Rfd8 15.
Rac1 h6 16.Nd5 Bxd5 17.exd5 Qc7 18.c4 Nc5 19.Na1 Nh7 20.b4 Nd7 21.Bd3 Re8 
22.Nb3 Qd8 23.c5 Bg5 24.c6 Bxe3+ 25.Qxe3 Ndf6 26.cxb7 Rxc1 27.Qxc1 Qb8 28.
Qc6 e4 29.fxe4 Qa7+ 30.Qb6 Qxb6+ 31.axb6 Nd7 32.Rc1 Nb8 33.e5 Nf8 34.Rc8 
1-0

[Event "8th EUR-ch (w)"]
[Site "Dresden GER"]
[Date "2007.04.05"]
[Round "3"]
[White "Mader, Manuela"]
[Black "Rolli, Corinne"]
[Result "1-0"]
[WhiteElo "2223"]
[BlackElo "2009"]
[EventDate "2007.04.03"]
[PlyCount "81"]

1.e4 c5 2.c3 d5 3.exd5 Qxd5 4.d4 Nf6 5.Nf3 Bg4 6.dxc5 Qxd1+ 7.Kxd1 e6 8.b4
Nc6 9.Bb5 Nd5 10.a3 Be7 11.Kc2 Bxf3 12.gxf3 Bf6 13.Ra2 a5 14.c4 Nc7 15.
Bxc6+ bxc6 16.Kb3 axb4 17.axb4 Rxa2 18.Kxa2 O-O 19.Na3 Na6 20.Nc2 Rd8 21.
Be3 Ra8 22.Kb3 Rb8 23.Rd1 Be7 24.Kc3 Bf6+ 25.Bd4 Rd8 26.Ra1 e5 27.Rxa6 
exd4+ 28.Kd3 Be5 29.h3 Rc8 30.b5 h5 31.Rxc6 Rb8 32.Rb6 Rc8 33.c6 f5 34.Nb4
g5 35.Nd5 Kf8 36.c7 Kg8 37.Rc6 g4 38.fxg4 fxg4 39.hxg4 h4 40.b6 h3 41.b7 
1-0

[Event "8th EUR-ch (w)"]
[Site "Dresden GER"]
[Date "2007.04.05"]
[Round "3"]
[White "Stepovaya, Tatiana"]
[Black "Wilson, Alexandra"]
[Result "1-0"]
[WhiteElo "2375"]
[BlackElo "2034"]
[EventDate "2007.04.03"]
[PlyCount "63"]

1.e4 e6 2.d3 c5 3.f4 Nc6 4.Nf3 g6 5.g3 Bg7 6.Bg2 Nge7 7.O-O d6 8.c3 Rb8 9.
Be3 O-O 10.Re1 Qc7 11.Bf2 Rd8 12.Nbd2 b6 13.g4 d5 14.e5 Ba6 15.Nb3 c4 16.
Nbd4 Nxd4 17.Nxd4 Nc6 18.Nxc6 Qxc6 19.dxc4 Qxc4 20.Bd4 Bc8 21.b4 Bd7 22.
Bf1 Qc7 23.Qd2 a5 24.a3 Bc8 25.Qf2 Rf8 26.g5 Qa7 27.Qa2 Bd7 28.Be3 h6 29.
gxh6 Bxh6 30.Bh3 Kg7 31.f5 Kh8 32.fxg6 1-0

[Event "8th EUR-ch (w)"]
[Site "Dresden GER"]
[Date "2007.04.05"]
[Round "3"]
[White "Khudaverdieva, Afag"]
[Black "Steil-Antoni, Fiona"]
[Result "1-0"]
[WhiteElo "2163"]
[BlackElo "2018"]
[EventDate "2007.04.03"]
[PlyCount "55"]

1.d4 d5 2.Nf3 Nf6 3.c4 dxc4 4.Nc3 e6 5.Bg5 Be7 6.e3 O-O 7.Bxc4 h6 8.Bh4 c5
9.O-O a6 10.a4 Nc6 11.dxc5 Bxc5 12.Qe2 Be7 13.Rfd1 Qb6 14.e4 Re8 15.e5 Nd7
16.Bxe7 Rxe7 17.Ba2 Qa5 18.Rac1 Nb6 19.Ne4 Qxa4 20.Rxc6 Qxc6 21.Nd4 Qc7 
22.Nf6+ Kh8 23.Qe4 g6 24.Qf4 Kg7 25.Ng4 Kg8 26.Qxh6 f5 27.Nf6+ Kf7 28.Qh7+
1-0

[Event "8th EUR-ch (w)"]
[Site "Dresden GER"]
[Date "2007.04.05"]
[Round "3"]
[White "Foisor, Mihaela-Veronica"]
[Black "Lauterbach, Ingrid"]
[Result "1-0"]
[WhiteElo "1980"]
[BlackElo "2142"]
[EventDate "2007.04.03"]
[PlyCount "75"]

1.d4 Nf6 2.c4 e6 3.Nc3 Bb4 4.a3 Bxc3+ 5.bxc3 Ne4 6.Qc2 f5 7.e3 b6 8.Bd3 
Bb7 9.Ne2 Qg5 10.Ng3 O-O 11.Nxe4 Qxg2 12.Ng3 Qh3 13.Rg1 Qxh2 14.Ne2 h5 15.
Bd2 h4 16.O-O-O Qxf2 17.Rdf1 Qh2 18.Nf4 h3 19.Qd1 Bg2 20.Rf2 Qg3 21.Nxh3 
Qxh3 22.Rfxg2 Rf7 23.Qf1 Qh4 24.Qf4 Qxf4 25.exf4 Nc6 26.Rh1 Rff8 27.Be2 
Rf6 28.Rhg1 g6 29.Rxg6+ Rxg6 30.Rxg6+ Kf7 31.Bh5 Ke7 32.Be1 Na5 33.Bh4+ 
Kd6 34.Bf6 Rf8 35.Be5+ Ke7 36.Bxc7 Nxc4 37.Rg7+ Kf6 38.Rxd7 1-0

[Event "8th EUR-ch (w)"]
[Site "Dresden GER"]
[Date "2007.04.05"]
[Round "3"]
[White "Winkelmann, Elena"]
[Black "Brunello, Roberta"]
[Result "1-0"]
[WhiteElo "2114"]
[BlackElo "1953"]
[EventDate "2007.04.03"]
[PlyCount "85"]

1.e4 e5 2.d4 exd4 3.Qxd4 Nc6 4.Qe3 Nf6 5.Nc3 Bb4 6.Bd2 O-O 7.O-O-O Re8 8.
f3 d5 9.Qf2 dxe4 10.Nxe4 Nxe4 11.fxe4 Bxd2+ 12.Rxd2 Qe7 13.Bd3 Be6 14.a3 
Rab8 15.Nf3 b5 16.Qh4 b4 17.Qxe7 Rxe7 18.a4 b3 19.c3 Na5 20.Nd4 Bd7 21.Nb5
Bc6 22.Rhd1 g6 23.g3 a6 24.Nd4 Bxa4 25.Bxa6 Rxe4 26.Nf3 Nc6 27.Ng5 Re5 28.
h4 h6 29.Nf3 Re3 30.Rd3 Rbe8 31.Bc4 Na5 32.Nd2 Nxc4 33.Nxc4 Rxd3 34.Rxd3 
Bb5 35.Re3 Ra8 36.Na3 Bd7 37.c4 Rb8 38.Kd2 Kf8 39.Kc3 Be6 40.Nb5 Rb7 41.
Nd4 Ke7 42.Nxb3 f5 43.Rxe6+ 1-0

[Event "8th EUR-ch (w)"]
[Site "Dresden GER"]
[Date "2007.04.05"]
[Round "3"]
[White "Bakalarz, Grazyna"]
[Black "Hafenstein, Andrea"]
[Result "1/2-1/2"]
[WhiteElo "2081"]
[BlackElo "1945"]
[EventDate "2007.04.03"]
[PlyCount "66"]

1.d4 f5 2.Nf3 e6 3.c4 Nf6 4.g3 c6 5.Bg2 Be7 6.b3 O-O 7.O-O a5 8.Ba3 Na6 9.
Bxe7 Qxe7 10.Nc3 Rb8 11.Qc2 d6 12.e4 Bd7 13.exf5 exf5 14.Rfe1 Qd8 15.Qd2 
Nc7 16.Rac1 g6 17.d5 c5 18.Qf4 Bc8 19.Re2 b5 20.Ng5 Nh5 21.Qe3 b4 22.Qe7 
Ng7 23.Na4 h6 24.Nf3 Qxe7 25.Rxe7 Rf7 26.Rce1 Bd7 27.Nb2 Re8 28.Rxe8+ 
Ncxe8 29.Nh4 g5 30.Ng6 f4 31.gxf4 gxf4 32.Nh4 Nf6 33.Ng6 Ngh5 1/2-1/2

[Event "8th EUR-ch (w)"]
[Site "Dresden GER"]
[Date "2007.04.05"]
[Round "3"]
[White "Katte, Isabel"]
[Black "Coimbra, Margarida"]
[Result "0-1"]
[WhiteElo "1947"]
[BlackElo "2067"]
[EventDate "2007.04.03"]
[PlyCount "72"]

1.e4 e5 2.Nf3 Nc6 3.Nc3 Nf6 4.g3 d5 5.exd5 Nxd5 6.h3 Nxc3 7.bxc3 Bc5 8.d3 
O-O 9.Bg2 e4 10.Nh2 exd3 11.O-O dxc2 12.Qxc2 Qf6 13.Qb3 Bb6 14.Bf4 Be6 15.
Qc2 Bf5 16.Qc1 Ne5 17.g4 Bd3 18.Re1 Ng6 19.Bg3 c6 20.Nf3 Rfe8 21.h4 Rxe1+ 
22.Qxe1 Nf4 23.Rd1 Nxg2 24.Kxg2 Bc4 25.Rd6 Be6 26.Ng5 Rd8 27.Rxd8+ Qxd8 
28.Qe2 Qd5+ 29.Nf3 h6 30.Kh2 Qxa2 31.Qe5 Bxf2 32.Qb8+ Kh7 33.Qxb7 Bxg4 34.
Qxc6 Be1+ 35.Kh1 Bxg3 36.Qe4+ f5 0-1

[Event "8th EUR-ch (w)"]
[Site "Dresden GER"]
[Date "2007.04.05"]
[Round "3"]
[White "Klek, Hanna-Marie"]
[Black "Norinkeviciute, Rasa"]
[Result "0-1"]
[WhiteElo "1865"]
[BlackElo "2048"]
[EventDate "2007.04.03"]
[PlyCount "154"]

1.e4 g6 2.d4 Bg7 3.Nc3 d6 4.Be3 a6 5.f4 Nd7 6.Nf3 c6 7.Qd2 b5 8.Bd3 Ngf6 
9.h3 O-O 10.O-O Qc7 11.e5 Nd5 12.Nxd5 cxd5 13.c3 Nb6 14.Qc2 Nc4 15.Bf2 Bh6
16.exd6 Nxd6 17.Be3 Nf5 18.Bxf5 Bxf5 19.Qd2 Be4 20.Ne5 e6 21.Ng4 Bg7 22.
Bf2 Qe7 23.Bg3 Rfc8 24.Rac1 a5 25.a3 Ra6 26.Qe2 Rb6 27.b4 axb4 28.axb4 
Rbc6 29.Bf2 Rxc3 30.Rxc3 Rxc3 31.Ra1 Qb7 32.Ra5 Rc4 33.Qd2 h6 34.Ne5 Rc2 
35.Qe1 Rb2 36.Qc3 Rc2 37.Qa3 Rc7 38.Ra8+ Bf8 39.Ng4 Rc8 40.Ra7 Qb8 41.Be3 
h5 42.Ne5 Rc3 43.Qxc3 Qxa7 44.Bd2 Kg7 45.Nc6 Qa2 46.Kf2 Bd6 47.Qe3 Bf5 48.
h4 Qc2 49.Qc3 Qxc3 50.Bxc3 Bxf4 51.Kf3 Bc1 52.Ke2 Bc2 53.Na7 Ba4 54.Be1 
Bf4 55.Kf3 Bc7 56.Bc3 f6 57.Nc6 Kf7 58.Na5 Bc2 59.Nb7 e5 60.Nc5 Ke7 61.Na6
Bd6 62.Nc5 Bd1+ 63.Kf2 Bg4 64.Nd3 Ke6 65.Nc5+ Kf5 66.Nb7 Bc7 67.Nc5 g5 68.
hxg5 fxg5 69.Nd7 e4 70.Nc5 Bf4 71.g3 e3+ 72.Kg2 Bc7 73.Nd3 Be2 74.Ne1 Ke4 
75.Kh3 Bf1+ 76.Kh2 Bb6 77.Kg1 Be2 0-1

[Event "8th EUR-ch (w)"]
[Site "Dresden GER"]
[Date "2007.04.06"]
[Round "4"]
[White "Mamedyarova, Zeinab"]
[Black "Muzicuk, Anna"]
[Result "1-0"]
[WhiteElo "2354"]
[BlackElo "2474"]
[EventDate "2007.04.03"]
[PlyCount "59"]

1.d4 Nf6 2.c4 c5 3.d5 b5 4.cxb5 a6 5.b6 e6 6.Nc3 Nxd5 7.Nxd5 exd5 8.Qxd5 
Nc6 9.e4 Be7 10.Bc4 O-O 11.Nf3 Rb8 12.O-O Rxb6 13.Bd2 Rxb2 14.Bc3 Nb4 15.
Qe5 Bf6 16.Qxc5 d6 17.Qe3 Rc2 18.e5 Qc7 19.exf6 Qxc4 20.Qg5 Qg4 21.Qxg4 
Bxg4 22.Bxb4 Rb8 23.Bxd6 Rb6 24.Rfe1 gxf6 25.Bf4 h5 26.Be3 Rbb2 27.Bd4 
Rxa2 28.Rxa2 Rxa2 29.Bxf6 Kh7 30.h3 1-0

[Event "8th EUR-ch (w)"]
[Site "Dresden GER"]
[Date "2007.04.06"]
[Round "4"]
[White "Kosintseva, Tatiana"]
[Black "Danielian, Elina"]
[Result "1-0"]
[WhiteElo "2459"]
[BlackElo "2424"]
[EventDate "2007.04.03"]
[PlyCount "59"]

1.e4 c6 2.d4 d5 3.e5 Bf5 4.Nd2 e6 5.Nb3 Nd7 6.Nf3 Bg6 7.Be2 Ne7 8.O-O Nf5 
9.a4 a6 10.a5 c5 11.c3 Rc8 12.Nxc5 Nxc5 13.dxc5 Bxc5 14.b4 Be7 15.Qa4+ Kf8
16.b5 axb5 17.Qxb5 Qc7 18.c4 dxc4 19.Rd1 Rd8 20.Rxd8+ Bxd8 21.Ba3+ Be7 22.
g4 Nh6 23.Bd6 Qc8 24.a6 bxa6 25.Rxa6 Bxd6 26.exd6 f6 27.d7 Qd8 28.Nd4 Bf7 
29.Qc5+ Kg8 30.Qc8 1-0

[Event "8th EUR-ch (w)"]
[Site "Dresden GER"]
[Date "2007.04.06"]
[Round "4"]
[White "Hoang Thanh Trang"]
[Black "Voicu, Carmen"]
[Result "1-0"]
[WhiteElo "2472"]
[BlackElo "2354"]
[EventDate "2007.04.03"]
[PlyCount "71"]

1.d4 g6 2.e4 Bg7 3.Nc3 d6 4.f4 Nf6 5.Bd3 O-O 6.Nf3 Bg4 7.h3 Bxf3 8.Qxf3 
Nc6 9.Be3 Nd7 10.e5 e6 11.O-O-O d5 12.f5 exf5 13.g4 f4 14.Qxf4 Nb4 15.Be2 
f6 16.e6 Nb6 17.h4 Qe7 18.a3 Nc6 19.h5 Qxe6 20.hxg6 hxg6 21.Bd3 Ne7 22.
Rde1 Qd7 23.Qf3 Kf7 24.Bg5 Rh8 25.Bxf6 Bxf6 26.Rhf1 Ng8 27.g5 Qh3 28.Qf4 
Rc8 29.Qe5 Nd7 30.Qxd5+ Kg7 31.Ne4 Re8 32.Bc4 Rf8 33.gxf6+ Ngxf6 34.Nxf6 
Rxf6 35.Re7+ Kh6 36.Rh1 1-0

[Event "8th EUR-ch (w)"]
[Site "Dresden GER"]
[Date "2007.04.06"]
[Round "4"]
[White "Rajlich, Iweta"]
[Black "Socko, Monika"]
[Result "1-0"]
[WhiteElo "2408"]
[BlackElo "2481"]
[EventDate "2007.04.03"]
[PlyCount "95"]

1.d4 Nf6 2.c4 e6 3.Nc3 Bb4 4.Qc2 O-O 5.Nf3 b6 6.e4 d5 7.e5 Ne4 8.Bd3 f5 9.
exf6 Qxf6 10.Bxe4 dxe4 11.Qxe4 c6 12.O-O a5 13.Na4 Ra6 14.c5 b5 15.Nb6 
Rxb6 16.cxb6 h6 17.a3 Bd6 18.Bd2 a4 19.Rac1 Bd7 20.Bb4 Bxb4 21.axb4 Qd8 
22.Ne5 Be8 23.b7 Qe7 24.Nxc6 Nxc6 25.Rxc6 Qxb7 26.Qxe6+ Bf7 27.Qd6 Bc4 28.
Re1 Qf7 29.f3 Qf5 30.Rc7 Qd3 31.Qe5 Bf7 32.Rxf7 Rxf7 33.Qd5 Qf5 34.Re8+ 
Kh7 35.Qxf5+ Rxf5 36.Re5 Rf4 37.Rd5 Kg6 38.Kf2 Rf7 39.Rxb5 Kf6 40.Ke3 Ke6 
41.Ke4 Rc7 42.d5+ Kd7 43.Rc5 Rb7 44.b5 Rb8 45.Kd4 Ra8 46.b6 a3 47.bxa3 
Rxa3 48.Rc7+ 1-0

[Event "8th EUR-ch (w)"]
[Site "Dresden GER"]
[Date "2007.04.06"]
[Round "4"]
[White "Bojkovic, Natasa"]
[Black "Lahno, Kateryna"]
[Result "0-1"]
[WhiteElo "2408"]
[BlackElo "2467"]
[EventDate "2007.04.03"]
[PlyCount "90"]

1.e4 e5 2.Nf3 Nc6 3.Bb5 a6 4.Bxc6 dxc6 5.Nc3 f6 6.d4 exd4 7.Nxd4 c5 8.Nde2
Qxd1+ 9.Nxd1 Be6 10.Bf4 O-O-O 11.Ne3 Ne7 12.Bg3 Bf7 13.Rd1 Rxd1+ 14.Kxd1 
Nc6 15.Kc1 Nd4 16.Re1 Be7 17.Nf4 Re8 18.c3 Nc6 19.Nfd5 Bd8 20.f3 Ne5 21.
Kc2 c6 22.Nf4 Bxa2 23.Nf5 Rg8 24.b3 c4 25.bxc4 Bxc4 26.Nd6+ Kc7 27.Rd1 g5 
28.Nh5 Be6 29.c4 b6 30.f4 gxf4 31.Nxf4 Bg4 32.Rd4 Be7 33.Nf5 Bxf5 34.exf5 
Rg4 35.Kb3 Kc8 36.Ne6 Rxd4 37.Nxd4 Kd7 38.Bh4 c5 39.Ne6 b5 40.cxb5 axb5 
41.h3 c4+ 42.Kc2 b4 43.Nd4 Kd6 44.g4 Kd5 45.Ne6 b3+ 0-1

[Event "8th EUR-ch (w)"]
[Site "Dresden GER"]
[Date "2007.04.06"]
[Round "4"]
[White "Arakhamia-Grant, Ketevan"]
[Black "Michna, Marta"]
[Result "1/2-1/2"]
[WhiteElo "2435"]
[BlackElo "2355"]
[EventDate "2007.04.03"]
[PlyCount "133"]

1.e4 e6 2.d4 d5 3.Nc3 Bb4 4.e5 c5 5.a3 Bxc3+ 6.bxc3 Nc6 7.Nf3 Bd7 8.Bd3 
Qa5 9.Bd2 c4 10.Be2 Qa4 11.O-O Nge7 12.h4 f5 13.exf6 gxf6 14.Bf4 O-O-O 15.
Bh2 Be8 16.Qd2 Rf8 17.Qf4 Rd7 18.Qh6 Rf7 19.Qe3 Nd8 20.Ne1 Nf5 21.Qf4 Nd6 
22.Bh5 Rfe7 23.Bxe8 Rxe8 24.Qxf6 Ne4 25.Qf4 Nc6 26.Nf3 Rg7 27.Kh1 Reg8 28.
h5 Qxc2 29.h6 Re7 30.Ne5 Nd8 31.g4 Nxc3 32.f3 Nb5 33.a4 Nd6 34.Rfb1 b6 35.
Bg3 Rc7 36.Rc1 Qe2 37.Re1 Qc2 38.Rec1 Qe2 39.a5 b5 40.Re1 Qc2 41.Nxc4 Rxc4
42.Qxd6 Qg6 43.Qb8+ Kd7 44.Qxa7+ Ke8 45.Bh4 Qf7 46.Qxf7+ Kxf7 47.Bxd8 Rxd8
48.a6 Ra8 49.Ra5 Rxd4 50.Rea1 Rb4 51.a7 d4 52.Kg2 Kf6 53.Ra6 Rb2+ 54.Kg3 
d3 55.Re1 d2 56.Rexe6+ Kf7 57.Red6 Ke7 58.Rd3 b4 59.Kf4 b3 60.Ke3 Ra2 61.
Rb6 R8xa7 62.Rbxb3 Kf7 63.Rb6 R7a3 64.Rb1 Kg6 65.Rxa3 Rxa3+ 66.Kxd2 Rxf3 
67.Ke2 1/2-1/2

[Event "8th EUR-ch (w)"]
[Site "Dresden GER"]
[Date "2007.04.06"]
[Round "4"]
[White "Collas, Silvia"]
[Black "Dzagnidze, Nana"]
[Result "0-1"]
[WhiteElo "2401"]
[BlackElo "2435"]
[EventDate "2007.04.03"]
[PlyCount "136"]

1.Nf3 Nf6 2.c4 e6 3.Nc3 c5 4.g3 b6 5.Bg2 Bb7 6.O-O Be7 7.Re1 d6 8.e4 a6 9.
d4 cxd4 10.Nxd4 Qc7 11.Be3 Nbd7 12.Rc1 O-O 13.f4 Nc5 14.Bf2 Rac8 15.Rc2 
Qb8 16.e5 Ne8 17.Bh3 Rd8 18.Qe2 dxe5 19.fxe5 Ba8 20.Bg4 Rxd4 21.Bxd4 Qb7 
22.Qg2 Qxg2+ 23.Rxg2 Bxg2 24.Kxg2 Nd3 25.Re2 Bc5 26.Bxc5 Nxc5 27.Rd2 a5 
28.Bf3 Nc7 29.Rd6 Rb8 30.a3 N7a6 31.Bc6 Kf8 32.Bb5 Nc7 33.Kf3 Ke7 34.Rc6 
Rb7 35.Ke3 Nd7 36.Kd4 Nb8 37.Rd6 f6 38.Bc6 Ra7 39.Nb5 Nxb5+ 40.Bxb5 Nd7 
41.Bxd7 Rxd7 42.Rxd7+ Kxd7 43.b3 f5 44.h4 Kc6 45.b4 axb4 46.axb4 b5 47.c5 
g6 48.Ke3 Kd5 49.Kf4 h6 50.g4 fxg4 51.Kxg4 Kxe5 52.Kf3 Kd5 53.Ke3 e5 54.
Kf3 e4+ 55.Kf4 g5+ 56.hxg5 hxg5+ 57.Kg3 Ke6 58.Kf2 g4 59.Kg3 e3 60.Kg2 Ke5
61.Kg3 Ke4 62.c6 e2 63.Kf2 Kd3 64.c7 g3+ 65.Kg2 e1=Q 66.c8=Q Qf2+ 67.Kh3 
g2 68.Qg8 g1=N+ 0-1

[Event "8th EUR-ch (w)"]
[Site "Dresden GER"]
[Date "2007.04.06"]
[Round "4"]
[White "Kovalevskaya, Ekaterina"]
[Black "Vasilevich, Irina"]
[Result "1/2-1/2"]
[WhiteElo "2432"]
[BlackElo "2380"]
[EventDate "2007.04.03"]
[PlyCount "91"]

1.e4 c5 2.Nf3 e6 3.Nc3 a6 4.d4 cxd4 5.Nxd4 Nc6 6.Be3 Nf6 7.Bd3 Qc7 8.Qe2 
b5 9.f4 Nxd4 10.Bxd4 Qxf4 11.Rf1 Qd6 12.Bf2 Qb4 13.O-O-O Bb7 14.g4 Qa5 15.
h4 h6 16.Bd4 b4 17.e5 bxc3 18.Bxc3 Qxa2 19.exf6 g5 20.Be4 Bxe4 21.Qxe4 d5 
22.Qd4 Rc8 23.Rde1 Bd6 24.b3 Kd7 25.Kd2 Rxc3 26.Qxc3 Rc8 27.Ra1 Bb4 28.
Rxa2 Bxc3+ 29.Kd1 a5 30.hxg5 hxg5 31.Rf3 Kd6 32.Rd3 e5 33.Rxc3 Rxc3 34.
Rxa5 e4 35.Ra7 Ke6 36.Kd2 Rg3 37.c4 Kxf6 38.cxd5 Rxb3 39.Ke2 Rg3 40.d6 Rd3
41.Rd7 Ke5 42.Rxf7 Kxd6 43.Rg7 Ke5 44.Rxg5+ Kf4 45.Rf5+ Kxg4 46.Rf8 
1/2-1/2

[Event "8th EUR-ch (w)"]
[Site "Dresden GER"]
[Date "2007.04.06"]
[Round "4"]
[White "Javakhishvili, Lela"]
[Black "Jurgens, Vera"]
[Result "1/2-1/2"]
[WhiteElo "2425"]
[BlackElo "2290"]
[EventDate "2007.04.03"]
[PlyCount "86"]

1.d4 d6 2.Nf3 Nd7 3.g3 c6 4.c4 e5 5.Nc3 Ngf6 6.Bg2 Be7 7.O-O O-O 8.e4 a6 
9.d5 cxd5 10.exd5 b5 11.Nd2 bxc4 12.Nxc4 Qc7 13.b3 Nc5 14.Nxe5 dxe5 15.d6 
Bxd6 16.Bxa8 e4 17.Nd5 Nxd5 18.Bxd5 Be5 19.Be3 Bxa1 20.Qxa1 Rd8 21.Rd1 Be6
22.Bxe6 Nxe6 23.Rxd8+ Qxd8 24.Qf1 Qd6 25.Kg2 Qc6 26.Qe1 h6 27.Qa5 Ng5 28.
Qd8+ Kh7 29.Qb6 Qc8 30.Bxg5 hxg5 31.Qe3 Qf5 32.h3 a5 33.a3 Kg6 34.b4 axb4 
35.axb4 Qd5 36.Qe2 Kf6 37.f3 exf3+ 38.Qxf3+ Ke5 39.g4 Qd2+ 40.Kg1 Qd1+ 41.
Kg2 Qd2+ 42.Kg1 Qd1+ 43.Kg2 Qd2+ 1/2-1/2

[Event "8th EUR-ch (w)"]
[Site "Dresden GER"]
[Date "2007.04.06"]
[Round "4"]
[White "Khurtsidze, Nino"]
[Black "Kadimova, Ilaha"]
[Result "1-0"]
[WhiteElo "2469"]
[BlackElo "2339"]
[EventDate "2007.04.03"]
[PlyCount "75"]

1.d4 d5 2.c4 c6 3.Nf3 Nf6 4.e3 Bf5 5.Nc3 e6 6.Nh4 Bg6 7.Nxg6 hxg6 8.g3 
Nbd7 9.Qe2 Be7 10.Bg2 dxc4 11.Qxc4 e5 12.O-O exd4 13.Qxd4 Bc5 14.Qc4 Qe7 
15.b4 Bxb4 16.Rb1 a5 17.a3 Nb6 18.Bxc6+ Kf8 19.Qb3 bxc6 20.axb4 a4 21.Qd1 
a3 22.Qd4 Qe6 23.Qxb6 Qh3 24.Rd1 Qxh2+ 25.Kf1 Qh3+ 26.Ke1 Qh1+ 27.Kd2 Qf3 
28.Kc2 Qxf2+ 29.Kb3 Rh2 30.Rd2 Qxg3 31.Rxh2 Qxh2 32.Qxc6 Re8 33.Bxa3 Kg8 
34.Rd1 g5 35.b5 Rxe3 36.Bc1 Re6 37.Qa8+ Re8 38.Rd8 1-0

[Event "8th EUR-ch (w)"]
[Site "Dresden GER"]
[Date "2007.04.06"]
[Round "4"]
[White "Muzychuk, Maria"]
[Black "Jackova, Jana"]
[Result "1/2-1/2"]
[WhiteElo "2293"]
[BlackElo "2423"]
[EventDate "2007.04.03"]
[PlyCount "26"]

1.e4 e5 2.Nf3 Nc6 3.Bc4 Bc5 4.b4 Bxb4 5.c3 Be7 6.d4 Na5 7.Be2 exd4 8.Qxd4 
d6 9.Qxg7 Bf6 10.Qg3 Qe7 11.Qf4 Bg7 12.O-O Bh6 13.Qh4 Bxc1 1/2-1/2

[Event "8th EUR-ch (w)"]
[Site "Dresden GER"]
[Date "2007.04.06"]
[Round "4"]
[White "Peptan, Corina-Isabela"]
[Black "Velikhanli, Firuza"]
[Result "1-0"]
[WhiteElo "2422"]
[BlackElo "2310"]
[EventDate "2007.04.03"]
[PlyCount "79"]

1.e4 c5 2.c3 d6 3.d4 Nf6 4.Bd3 cxd4 5.cxd4 g6 6.Ne2 Bg7 7.O-O O-O 8.Nbc3 
Nc6 9.h3 e5 10.d5 Nb4 11.Bb1 a5 12.Be3 Bd7 13.Qb3 Qe7 14.a3 Na6 15.Bd3 Nc5
16.Bxc5 dxc5 17.Bb5 Ne8 18.Bxd7 Qxd7 19.Na4 c4 20.Nb6 Qd8 21.Nxc4 Nd6 22.
Nxd6 Qxd6 23.Rac1 f5 24.Nc3 Rf7 25.Rc2 Rd8 26.Rd1 Kh8 27.Qa4 Qb6 28.Re2 f4
29.Qb5 Qa7 30.Rd3 f3 31.Rxf3 Rxf3 32.gxf3 Rf8 33.Re3 Qa8 34.Qd7 Bh6 35.Rd3
Qa6 36.Nb5 Qf6 37.Rc3 Qg5+ 38.Kf1 Qd2 39.Kg2 Qxb2 40.Rc7 1-0